| 000 | 00625nam a22001817a 4500 | ||
|---|---|---|---|
| 005 | 20251108164802.0 | ||
| 008 | 250721s1985 xx 000 0 ara d | ||
| 082 | 1 | 4 | _a370.9/ماج |
| 100 | 1 | _aالكيلاني، ماجد عرسان | |
| 245 | 1 | 0 |
_aتطور مفهوم النظرية التربوية الإسلامية : _bدراسة منهجية في ... / |
| 250 | _aط2.، مزيدة ومنقحة | ||
| 264 | 1 |
_aالمدينة المنورة : _bمكتبة دار التراث، _c1985. |
|
| 300 | _a291ص | ||
| 650 | 1 | 7 | _aالتربية |
| 650 | 1 | 7 | _aتاريخ التربية |
| 942 |
_2ddc _cBK |
||
| 999 |
_c14323 _d14323 |
||